Comunidades Autónomas por Población - Estadísticas

Estadísticas generales
  • Esta prueba ha sido intentada 145 veces
  • La puntuación promedio es 17 de 19
Estadísticas de respuestas
Población Inicial de la Capital Comunidad Autónoma % Correcto
7 792 611 B Cataluña
99%
6 750 336 M Comunidad de Madrid
99%
5 097 967 V Comunidad Valenciana
97%
8 500 187 S Andalucía
95%
2 690 464 SdC Galicia
95%
2 177 701 LPdGC Islas Canarias
92%
1 326 315 Z Aragón
90%
2 053 328 T Castilla-La Mancha
89%
2 372 640 V Castilla y León
89%
1 531 878 M Región de Murcia
89%
664 117 P Navarra
88%
2 208 174 V-G País Vasco
88%
1 004 686 O Principado de Asturias
88%
319 892 L La Rioja
84%
83 117 C Ceuta
83%
85 170 M Melilla
83%
1 054 776 M Extremadura
82%
585 402 S Cantabria
81%
1 176 659 P Islas Baleares
81%
No se encontraron pruebas coincidentes
Distribución de puntuación
Porcentaje de gente con cada puntuación
Porcentaje por número respondido
Historial de tus puntuaciones
No has intentado esta prueba.